00990nam a2200229 a 450000100100000000500170001000800410002704000250006808200190009310000410011224000300015324500990018326000440028230000260032665000280035265000420038070000440042270000370046695201170050395201230062099900170074300002355820200930022316.0101213n1980uuuuag r 000 j spa d aDO-SdBNPbspacBNPHU a839.316bT289a1 aTen Boom, Corrie,d1892-1983.94856210aAmazing love.lEspañol.10aAmor asombroso amor /cCorrie Ten Boom ; prólogo de Laura H. de Disselkoen, Norman P. Grubb. aBuenos Aires :bMundo Hispano,c[198?]. a113, [1] p. ;c18 cm. 4aNovela holandesa944182 4aLiteratura holandesaySIGLO XX9485631 aH. de Disselkoen, Lauraepról.9485641 aGrubb, Norman P.epról.948565 001050718MOaGRbGRcHDd2010-12-13iLF1l0o839.316 T289ap23558-10r2020-06-25w2020-06-25y1ZNo se presta 001150718MOaGRbGRcMId2017-04-19iLF1l0o839.316 T289ap23558-20r2020-06-25te. 2w2020-06-25y1ZNo se presta c23054d23054